[Event "CRO-chT2 East"]
[Site "Osijek"]
[Date "2013.10.12"]
[Round "8.56"]
[White "Benes, Miodrag"]
[Black "Bajan, Darko"]
[Result "1-0"]
[WhiteElo "1993"]
[BlackElo "2004"]
[PlyCount "69"]
[EventDate "2013.04.20"]
[EventType "team-tourn"]
[EventRounds "11"]
[EventCountry "CRO"]
[SourceTitle "EXT 2023"]
[Source "ChessBase"]
[SourceDate "2022.10.05"]
[SourceVersion "1"]
[SourceVersionDate "2022.10.05"]
[SourceQuality "1"]

1. d4 d5 2. c4 c6 3. Nc3 Nf6 4. Bg5 e6 5. e3 Nbd7 6. cxd5 cxd5 7. Bd3 a6 8. Nf3 Be7 9. 0-0 0-0 10. h3 h6 11. Bf4 b5 12. Ne5 Bb7 13. Qd2 Nb6 14. b3 b4 15. Ne2 a5 16. Bh2 Ba6 17. Nc6 Qd7 18. Nxe7+ Qxe7 19. Bxa6 Rxa6 20. Rfc1 Rc8 21. Rxc8+ Nxc8 22. Rc1 Nd6 23. f3 Qb7 24. Qc2 Qb5 25. Nf4 a4 26. Nd3 axb3 27. axb3 Nfe8 28. Qd2 Ra3 29. Bxd6 Nxd6 30. Rc5 Qb8 31. Qc2 g6 32. Ne5 Kg7 33. Rc7 Qb5 34. Rxf7+ Nxf7 35. Qxg6+ 1-0